<?xml version="1.0" encoding="UTF-8"?>
<collection xmlns="http://www.loc.gov/MARC21/slim">
 <record>
  <leader>00354pamaa2200145   4500</leader>
  <controlfield tag="001">0000029556</controlfield>
  <controlfield tag="005">20070131090000.0</controlfield>
  <datafield tag="020" ind1="0" ind2="0">
   <subfield code="a">1861972601 </subfield>
  </datafield>
  <datafield tag="090" ind1="0" ind2="0">
   <subfield code="a">TK5105.875.I57 </subfield>
   <subfield code="b">GEE 2000</subfield>
  </datafield>
  <datafield tag="100" ind1="1" ind2="0">
   <subfield code="a">GEER </subfield>
  </datafield>
  <datafield tag="245" ind1="1" ind2="0">
   <subfield code="a">Pocket internet  </subfield>
   <subfield code="c">Sean Geer.</subfield>
  </datafield>
  <datafield tag="250" ind1="0" ind2="0">
   <subfield code="a">2nd ed.</subfield>
  </datafield>
  <datafield tag="260" ind1="0" ind2="0">
   <subfield code="a">[]: </subfield>
   <subfield code="b">The Economist Ltd., </subfield>
   <subfield code="c">2000.</subfield>
  </datafield>
  <datafield tag="300" ind1=" " ind2=" ">
   <subfield code="a">viii, 264p.; </subfield>
   <subfield code="c">15cm.</subfield>
  </datafield>
  <datafield tag="650" ind1="0" ind2="0">
   <subfield code="a">Web sites </subfield>
  </datafield>
 </record>
</collection>
